000 00698nam a2200229Ia 4500
001 12209
003 GE_BSU
008 181216s||||||||xx |||||||||||||| ||und||
020 _a9785394017773
040 _cGE_BSU
080 _a658.005(075.8)
100 _aЕрмасова,Н.Б.
245 _aРиск-менеджмент организации
245 _bУчебно-практическое пособие
260 _aМосква
260 _bИздательско-торговая корпорация "Дашков и К
260 _c2014
300 _a380стр.21см.
541 _h39Л.
653 _aРиск-менеджмент организации
942 _cBK
999 _c45385
_d45385